Loading...
| Fine Arts - Classical Music | 5 | 14.00 | 1,620% | 520% | 360% |
| Fine Arts - Other | 7 | 18.57 | 4,043% | 329% | 371% |
| Fine Arts - Painting & Sculpture | 3 | 10.00 | 6,600% | 0% | 0% |
| History - American | 6 | 11.67 | 1,350% | 483% | 183% |
| History - European | 7 | 10.00 | 2,071% | 257% | 329% |
| History - Other | 5 | 12.00 | 1,360% | 40% | 520% |
| History - World | 7 | 12.86 | 3,471% | 443% | 243% |
| Literature - American | 4 | 20.00 | 4,850% | 400% | 600% |
| Literature - British | 9 | 14.44 | 2,556% | 356% | 356% |
| Literature - European | 4 | 20.00 | 3,725% | 200% | 400% |
| Literature - World | 5 | 14.00 | 4,180% | 320% | 340% |
| Mythology | 4 | 17.50 | 3,300% | 475% | 200% |
| Other | 7 | 14.29 | 2,829% | 371% | 429% |
| Philosophy | 4 | 12.50 | 2,025% | 175% | 600% |
| Religion | 7 | 15.71 | 1,886% | 486% | 386% |
| Science - Biology | 3 | 13.33 | 2,700% | 300% | 600% |
| Science - Chemistry | 3 | 16.67 | 2,700% | 800% | 200% |
| Science - Other | 4 | 12.50 | 1,600% | 375% | 425% |
| Science - Physics | 7 | 14.29 | 3,286% | 243% | 286% |
| Social Science | 6 | 21.67 | 5,433% | 417% | 650% |